Apuntes sobre historiografía costarricense /
সংরক্ষণ করুন:
| প্রধান লেখক: | |
|---|---|
| বিন্যাস: | পাঠ্য |
| বিষয়গুলি: | |
| ট্যাগগুলো: |
ট্যাগ যুক্ত করুন
কোনো ট্যাগ নেই, প্রথমজন হিসাবে ট্যাগ করুন!
|
MARC
| LEADER | 00000 a a2200000 04500 | ||
|---|---|---|---|
| 001 | 8033 | ||
| 003 | |||
| 040 | |||
| 100 | |a Peláez, Oscar | ||
| 245 | |a Apuntes sobre historiografía costarricense / |c Oscar Peláez | ||
| 650 | |a HISTORIOGRAFIA | ||
| 650 | |a COLONIALISMO | ||
| 650 | |a HISTORIA | ||
| 650 | |a LIBERALISMO | ||
| 650 | |a SOCIALISMO | ||
| 773 | |g número 3; páginas 134-143 | ||
| 999 | |c 35499 |d 35499 | ||
